En busca de la identidad femenina /

Guardado en:
Bibliografiske detaljer
Hovedforfatter: Sojo M, Ana
Format: Texto
Tags: Tilføj Tag
Ingen Tags, Vær først til at tagge denne postø!

MARC

LEADER 00000 a a2200000 04500
001 1599
003
040
100 |a Sojo M, Ana  
245 |a En busca de la identidad femenina /  |c Ana Sojo M 
773 |g número 22; páginas 47-48  
999 |c 25557  |d 25557